000 01300nam a22003377a 4500
003 CHAP
005 20220329134252.0
008 971013s1980 r 00010 d
010 _a17881
011 _a18853
035 _a22938
040 _cCHAP
090 _aTesis
100 0 0 _aJoubert Caire, Fermín Gustavo.
_962218
245 _aEfecto del compuesto dilflubenzuron sobre la fertilidad de adultos del gusano elotero, Heliothis zea (Boddie) y del gusano tabacalero Heliothis virescens (Fabricius), procedentes de larvas tratadas con dosis subletales
260 _a(Monterrey, N.L.) :
_bEl autor,
_c1980
300 _a70 h.
_b; gráfs
502 _aTesis (Ing. Agrónomo Esp. en Parasitología Agrícola) -- ITESM. Div. de Ciencias Agropecuarias y Marítimas
590 _aALEPH
_b10
_c20130110
_lUCH01
_h1240
590 _aBATCH-UPD
_b10
_c20130110
_lUCH01
_h1630
590 _aBATCH-UPD
_b10
_c20130410
_lUCH01
_h1023
590 _aBATCH-UPD
_b10
_c20130914
_lUCH01
_h1046
590 _aCONVERSION
_b10
_c20130109
_lUCH01
_h1311
650 1 4 _aControl biológico de plagas.
_927587
650 1 4 _aHeliothis (Helicoverpa) zea.
_953438
650 1 4 _aHeliothis virescens.
_953440
650 1 4 _aInsecticidas.
_958855
901 _aBK
942 _cTESIS
949 _bBC
_cTES
_d-53537
_eTS1
_i22938
_si
999 _c17881
_d17881